000 00533nam a2200169Ia 4500
005 20250423100945.0
008 250422s9999 xx 000 0 und d
020 _a97810394158485
050 _aQA 76.754 .H84/
100 _a Hughes, Chris
245 0 _aSoftware Transparenc
260 _aIndianapolis
260 _bJohn Wiley and Sons
300 _axxxi, 295p.: ill.
650 _aComputer software--Security measures. Business logistics--Decision making--Security measures. Business logistics--Risk management.
942 _cBK
999 _c34855
_d34855